Ποδόσφαιρο και οικονομική ανάπτυξη σε τοπικό επίπεδο : περίπτωση της πόλης της Μυτιλήνης : πτυχιακή εργασία

Αποθηκεύτηκε σε:
Λεπτομέρειες βιβλιογραφικής εγγραφής
Κύριος συγγραφέας: Λαμπράκης, Νικόλαος
Συγγραφή απο Οργανισμό/Αρχή: Πανεπιστήμιο Αιγαίου. Σχολή Κοινωνικών Επιστημών. Τμήμα Γεωγραφίας
Άλλοι συγγραφείς: Στεφανόπουλος, Κωνσταντίνος, Μπριασούλη, Ελένη (Εισηγητής διατριβής)
Μορφή: Thesis Βιβλίο
Γλώσσα:Greek
Δημοσίευση: 1999.
Θέματα:
Ετικέτες: Προσθήκη ετικέτας
Δεν υπάρχουν, Καταχωρήστε ετικέτα πρώτοι!

MARC

LEADER 00000cam a2200000 i 4500
001 1/9221
008 000802s1999 gr ||| | gre||
035 |l 10062972 
040 |a GR-MY-UA  |b gre  |e aacr 
041 0 |a gre 
082 0 |a 796  |2 (22) 
100 1 |a Λαμπράκης, Νικόλαος. 
245 1 0 |a Ποδόσφαιρο και οικονομική ανάπτυξη σε τοπικό επίπεδο :   |b περίπτωση της πόλης της Μυτιλήνης : πτυχιακή εργασία /   |c Λαμπράκης Νικόλαος, Στεφανόπουλος Κων/νος ; επιβλέπουσα καθηγήτρια Μπριασούλη Ελένη. 
260 |c 1999. 
300 |a 52 σ.;   |c 30 εκ. 
502 |a Πτυχιακή εργασία – Πανεπιστήμιο Αιγαίου, Λέσβος, 1999. 
504 |a Περιέχει βιβλιογραφία. 
650 0 |a Sports  |x Economic aspects  |z Greece  |z Mytilene (Lesbos) 
650 0 0 |a Sports facilities  |x Economic aspects. 
650 0 |a Sports and tourism  |z Greece  |z Mytilene (Lesbos) 
650 0 0 |a Dissertations, Academic  |z Greece. 
700 1 |a Στεφανόπουλος, Κωνσταντίνος. 
700 1 |a Μπριασούλη, Ελένη.  |4 ths 
710 2 |a Πανεπιστήμιο Αιγαίου.   |b Σχολή Κοινωνικών Επιστημών.   |b Τμήμα Γεωγραφίας. 
852 |a INST  |b LESVOS  |c DIATR  |e 20000802  |h 29  |p 005100025602  |q 005100025602  |t DIE  |y 23 
852 |a INST  |b LESVOS  |c DIATR  |e 20000802  |h 30  |p 005100025603  |q 005100025603  |t DIE  |y 23 
901 |a BIBL1-2000-2 
909 |a Λ  |b 080703 
909 |a Λ  |b 080731 
924 |a ΛΑΜΠΡΑΚΗΣ  |b ΝΙΚΟΛΑΟΣ  |y Λέσβος  |z 2000-07 
924 |a ΣΤΕΦΑΝΟΠΟΥΛΟΣ  |b ΚΩΝΣΤΑΝΤΙΝΟΣ  |y Λέσβος  |z 2000-07 
970 |a ΚΑΜΑΤΣΟΥ  |b ΔΕΣΠΟΙΝΑ  |z 2000/08/02